000 00553nam a2200193Ia 4500
005 20250923145115.0
008 008 250917s9999 xx 000 0 eng d
037 _aTextual
040 _aDSWL
_beng
_cDSWL
041 _aeng
_2eng
084 _aX:97DogF, K67
_qDSWL
245 0 _aTrade Unions and technological change
_cEd.by S.D. Anderman
260 _aLondon
_bGeorge Allen & Unwin Ltd.
_c1967
300 _axi,299 p.
365 _aINR
_b45
925 _g45
942 _cTEXL
_hX:97DogF, K67
999 _c1447177
_d1447177